000 00538nam a2200193Ia 4500
005 20250508152710.0
008 008 250505s9999 xx 000 0 eng d
037 _aTextual
040 _aFEDL
_beng
_cFEDL
041 _aeng
_2eng
084 _a370.973, HUG
_qFEDL
100 _aHughes James Monroe
_9760554
245 0 _aEducation in America
260 _aNew York, USA
_bRow, Peterson and Company
_c1960
300 _axiii,496p.
650 _aEducation
942 _cTEXL
_h370.973, HUG
999 _c1338124
_d1338124